00832nam a22002417a 450000500170000001000110001702000070002803500110003503700160004604000120006208200140007410000220008824501270011024600060023726000450024327000250028830000330031350000500034665000230039665000400041965000480045965000830050720170124105921.0 a522770 c00 a522770 bCen Lib/Ret aDPLbEN a320.95401 aSpellman, John W. aPolitical theory of ancient india :cby John W. Spellman ba study of kingship from the earliest times to crica A.D. 300 / b  bOxford University Press c1964 aLondon  bLondon aamen house  axxiv, 288p.:c20cm(Hb)bill. aIncludes bibliographical references and index aPolitical Science  aPolitical ideas zlyAncient India  aराजनीति विज्ञान a राजनीतिक विचारz प्राचीन भारत